| 000 | 00620nam a2200205 a 4500 | ||
|---|---|---|---|
| 005 | 20210219152040.0 | ||
| 008 | 991125s1995 mx 000 0 spa u | ||
| 020 | _a9684962894 | ||
| 035 | _aUPN01000045927 | ||
| 049 | _aSEP | ||
| 050 | 4 |
_aHB235 M6 _bP73 |
|
| 245 | 0 | 4 |
_aLos precios de alimentos y manufacturas novohispanos / _ccoord. Virginia García Acosta |
| 260 |
_aMéxico : _bCIESAS$bComité Mexicano de Ciencias Históricas, _c1995 |
||
| 300 | _a299 p. | ||
| 650 | 4 |
_aPRECIOS- _xHISTORIA |
|
| 650 | 4 |
_aPRECIOS- _zMEXICO |
|
| 700 | 2 |
_aGarcía Acosta, Virginia, _ecomp. |
|
| 904 |
_aAC _b045929 |
||
| 905 | _aLibro | ||
| 999 |
_c45927 _d45927 |
||